000
00341nam a2200157Ia 4500
005
20250425161629.0
008
250425s9999 xx 000 0 und d
041
_a
spa
082
_a
862.69866
245
0
_a
TEATRO ECUATORIANO
250
_a
S.E.
260
_a
S.L.
260
_a
Sin Pais
_b
ARIEL
_c
1900
942
_c
01
010
_a
24611
999
_c
212918
_d
212918